Statistics for Countries by Area

Click here to take the quiz!

General Stats

  • This quiz has been taken 127 times
  • The average score is 6 of 20

Answer Stats

Area (km)Area (mi)Country% Correct
17,075,4006,592,800Russia
99%
9,984,6703,855,100Canada
94%
9,857,3063,794,100United States
92%
8,515,7673,265,080Brazil
77%
.44.17Vatican City
44%
2.78Monaco
39%
2,381,741919,595Algeria
31%
1,972,550761,610Mexico
17%
316122Malta
11%
468181Andorra
9%
243,61094,060United Kingdom
7%
718277Singapore
6%
1,221,037471,443South Africa
5%
603,628233,062Ukraine
5%
109,88442,426Cuba
3%
268,021103,500New Zealand
3%
65,61024,996Sri Lanka
3%
163,27063,250Suriname
3%
147,18156,827Nepal
2%
22,9668,867Belize
1%

Score Distribution

Percentile by Number Answered

Percent of People with Each Score

Your Score History

You have not taken this quiz